21st Century Big Four Sports Champions - Statistics

General Stats
  • This quiz has been taken 150 times
  • The average score is 31 of 43
Answer Stats
League Team % Correct
NFL New England Patriots (5)
95%
MLB New York Yankees (2)
92%
NBA Los Angeles Lakers (5)
91%
NBA Miami Heat (3)
91%
MLB Boston Red Sox (3)
88%
NFL New York Giants (2)
87%
MLB San Francisco Giants (3)
87%
NBA Boston Celtics
85%
NBA Cleveland Cavaliers
85%
NBA San Antonio Spurs (4)
81%
NFL Seattle Seahawks
80%
NFL Philadelphia Eagles
79%
NFL Denver Broncos
78%
NFL Pittsburgh Steelers (2)
78%
MLB Chicago Cubs
76%
NBA Dallas Mavericks
75%
NBA Detroit Pistons
75%
NFL Green Bay Packers
74%
MLB Houston Astros
74%
NBA Golden State Warriors (3)
73%
NFL Los Angeles (St. Louis) Rams
72%
NHL Pittsburgh Penguins (3)
72%
NFL Indianapolis Colts
71%
NFL Baltimore Ravens (2)
70%
NHL Boston Bruins
70%
NFL New Orleans Saints
70%
NHL Chicago Blackhawks (3)
69%
MLB Chicago White Sox
67%
NHL Los Angeles Kings (2)
67%
MLB St. Louis Cardinals (2)
67%
NHL Detroit Red Wings (2)
64%
NFL Tampa Bay Buccaneers
64%
MLB Miami (Florida) Marlins
61%
MLB Kansas City Royals
60%
MLB Arizona Diamondbacks
59%
MLB Los Angeles (Anaheim) Angels
59%
MLB Philadelphia Phillies
58%
NHL Tampa Bay Lightning
57%
NHL Washington Capitals
56%
NHL Anaheim Ducks
55%
NHL Carolina Hurricanes
55%
NHL Colorado Avalanche
55%
NHL New Jersey Devils (2)
51%
No matching quizzes found
Score Distribution
Percent of People with Each Score
Percentile by Number Answered
Your Score History
You have not taken this quiz